Štúdium vápnikovej signalizácie v hubách rodu Trichoderma

Saved in:
Bibliographic Details
Main Author: Kasáková, Daniela (Author)
Other Authors: Kryštofová, Svetlana (Thesis advisor)
Format: Manuscript Book
Language:Slovak
Published: 2015
Subjects:
Online Access:http://is.stuba.sk/zp/portal_zp.pl?podrobnosti=101129
Tags: Add Tag
No Tags, Be the first to tag this record!

MARC

LEADER 00000ntm a22000003a 4500
001 stuzp52784
003 SK-STU
005 20160719154259.0
007 ta
008 150427s2015----xo-----f-mn---000-0-slo-d
040 |a STU  |b slo 
041 0 |a slo 
100 1 |a Kasáková, Daniela  |u 043260  |4 aut  |U FCHPT Ústav biochémie, výživy a ochrany zdravia  |T FCHPT Oddelenie biochémie a mikrobiológie  |X 60039  |U C3260  |Y 113  |7 60039 
242 0 1 |a Study of calcium signaling in fungi tribe Trichoderma  |y eng 
245 1 0 |a Štúdium vápnikovej signalizácie v hubách rodu Trichoderma 
260 |c 2015 
650 4 |a kalcineurín  |2 slo 
650 4 |a TaCrzA  |2 slo 
650 4 |a Trichoderma  |2 slo 
650 4 |a vápnik  |2 slo 
650 4 |a Trichoderma  |2 eng 
650 4 |a calcium  |2 eng 
650 4 |a calcineurin  |2 eng 
650 4 |a TaCrzA  |2 eng 
700 1 |a Kryštofová, Svetlana  |4 ths  |X 55152  |7 A000055152 
856 4 |u http://is.stuba.sk/zp/portal_zp.pl?podrobnosti=101129 
SQL |a stuzp52784  |b DBP  |c SLO  |d Štúdium vápnikovej signalizácie v hubách rodu Trichoderma  |e 60039  |f Kasáková, Daniela  |g 043260  |h 55152  |i Kryštofová, Svetlana  |j 20150715  |k 752  |l 04  |m http://is.stuba.sk/zp/portal_zp.pl?podrobnosti=101129  |n B-BIOPOT  |o 5.2.25. biotechnológie